UBT Library

YEAR BOOK OF PEDIATRICS (Record no. 9115)

000 -LEADER
fixed length control field 00291nam a22001337a 4500
008 - FIXED-LENGTH DATA ELEMENTS--GENERAL INFORMATION
fixed length control field 170330b xxu||||| |||| 00| 0 eng d
020 ## - INTERNATIONAL STANDARD BOOK NUMBER
International Standard Book Number 0815165870
041 ## - LANGUAGE CODE
Language code of text/sound track or separate title eng
080 ## - UNIVERSAL DECIMAL CLASSIFICATION NUMBER
Universal Decimal Classification number 616-053.2
100 ## - Rafti
Rafti 8
101 ## - Shkurtesa
Shkurtesa shm
245 ## - TITLE STATEMENT
Title YEAR BOOK OF PEDIATRICS
Statement of responsibility, etc STOCKMAN
942 ## - ADDED ENTRY ELEMENTS (KOHA)
Source of classification or shelving scheme
Item type Books
Holdings
Withdrawn status Lost status Damaged status Not for loan Date acquired Total Checkouts Date last seen Price effective from Koha item type
        03/30/2017   03/30/2017 03/30/2017 Books
        03/30/2017   03/30/2017 03/30/2017 Books
        03/30/2017   03/30/2017 03/30/2017 Books
        03/30/2017   03/30/2017 03/30/2017 Books
UBT Library © 2015-2024. All rights reserved University Education for Business and Technology